[Event "Winnipeg TNT June op"]
[Site "Winnipeg CAN"]
[Date "2005.06.28"]
[Round "4"]
[White "Gibbons, Lorne"]
[Black "Gibson, Fred"]
[Result "1-0"]
[WhiteElo "1287"]
[BlackElo "1218"]
[PlyCount "65"]
[GameId "2160767910968050"]
[EventDate "2005.06.07"]
[EventType "swiss"]
[EventRounds "4"]
[EventCountry "CAN"]
[SourceTitle "EXT 2007"]
[Source "ChessBase"]
[SourceDate "2006.11.23"]
[SourceVersion "1"]
[SourceVersionDate "2006.11.23"]
[SourceQuality "1"]

1. d4 d5 2. c4 c6 3. Nc3 Nf6 4. Bf4 e6 5. e3 Bb4 6. c5 Ne4 7. Nge2 b6 8. a3 Bxc3+ 9. bxc3 b5 10. f3 Nf6 11. Bd6 Ng8 12. Ng3 Ne7 13. Qb3 O-O 14. a4 Qa5 15. Bd3 Re8 16. O-O Nd7 17. axb5 Qd8 18. Bxe7 Rxe7 19. bxc6 Nb8 20. Bb5 a6 21. Qa4 Rea7 22. Bd3 Qc7 23. Qc2 Qxc6 24. Bxh7+ Kf8 25. Bd3 Rb7 26. Ra5 Nd7 27. Rfa1 Rbb8 28. Ne2 Nf6 29. Nc1 g6 30. Qe2 Ra7 31. Na2 Rb3 32. Nb4 Bb7 33. Nxc6 1-0

[Event "Winnipeg TNT June op"]
[Site "Winnipeg CAN"]
[Date "2005.06.28"]
[Round "4"]
[White "Khedkar, Jay S"]
[Black "Zaczek, Jonathon"]
[Result "0-1"]
[WhiteElo "1904"]
[BlackElo "1991"]
[PlyCount "104"]
[GameId "2160767910968051"]
[EventDate "2005.06.07"]
[EventType "swiss"]
[EventRounds "4"]
[EventCountry "CAN"]
[SourceTitle "EXT 2007"]
[Source "ChessBase"]
[SourceDate "2006.11.23"]
[SourceVersion "1"]
[SourceVersionDate "2006.11.23"]
[SourceQuality "1"]

1. e4 c5 2. Nf3 d6 3. d4 cxd4 4. Nxd4 Nf6 5. Nc3 a6 6. Bg5 e6 7. f4 b5 8. e5 dxe5 9. fxe5 Qc7 10. exf6 Qe5+ 11. Be2 Qxg5 12. Ne4 Qh4+ 13. Ng3 Qxf6 14. Rf1 Qe5 15. Qd3 Bc5 16. O-O-O O-O 17. Ne4 Bxd4 18. Qxd4 Qxd4 19. Rxd4 Bb7 20. Bf3 Bd5 21. Nd6 Bxf3 22. Rxf3 Nc6 23. Rdf4 Ne5 24. Rc3 Rfd8 25. Ne4 Ra7 26. Nc5 g6 27. a4 Nc4 28. b3 Nb6 29. Rd3 Rxd3 30. Nxd3 bxa4 31. Rb4 Nd5 32. Rxa4 Kf8 33. Kd2 Ke7 34. c4 Nc7 35. Ne5 Ra8 36. Kc3 f6 37. Nd3 Kd6 38. b4 e5 39. Nc5 f5 40. Ra2 Ke7 41. Nb7 Rb8 42. Na5 Rb6 43. Nb3 Rd6 44. Ra5 e4 45. Nc5 Kf6 46. Ra2 Ke5 47. g3 g5 48. Re2 Ne6 49. Nxe6 Rxe6 50. c5 f4 51. gxf4+ gxf4 52. Kc4 f3 0-1

[Event "Winnipeg TNT June op"]
[Site "Winnipeg CAN"]
[Date "2005.06.28"]
[Round "4"]
[White "Nikouline, Alexandre"]
[Black "Evans, Rick"]
[Result "1/2-1/2"]
[WhiteElo "1955"]
[BlackElo "1867"]
[PlyCount "103"]
[GameId "2160767910968052"]
[EventDate "2005.06.07"]
[EventType "swiss"]
[EventRounds "4"]
[EventCountry "CAN"]
[SourceTitle "EXT 2007"]
[Source "ChessBase"]
[SourceDate "2006.11.23"]
[SourceVersion "1"]
[SourceVersionDate "2006.11.23"]
[SourceQuality "1"]

1. e4 c6 2. d4 d5 3. e5 Bf5 4. Nc3 e6 5. g4 Bg6 6. Nge2 c5 7. h4 h6 8. Be3 Nc6 9. Nf4 Bh7 10. Bb5 a6 11. Bxc6+ bxc6 12. Na4 Be7 13. Nxc5 Bxc5 14. dxc5 Qa5+ 15. c3 Rb8 16. Qd2 Qb5 17. b3 Ne7 18. Nh5 Rg8 19. Bxh6 gxh6 20. Nf6+ Kd8 21. Nxh7 Rxg4 22. Nf6 Rg2 23. Qxh6 Kc7 24. Qe3 Nf5 25. Qe2 Qxc5 26. Qf3 Nxh4 27. Nxd5+ exd5 28. Rxh4 Rxf2 29. Qxf2 Qxc3+ 30. Ke2 Qb2+ 31. Kf3 Qxa1 32. Rf4 Qc3+ 33. Qe3 Qxe3+ 34. Kxe3 Rf8 35. Kd4 f5 36. exf6 Kd6 37. b4 Ke6 38. Rf3 Rxf6 39. Re3+ Kd6 40. Rh3 Rf4+ 41. Kc3 a5 42. a3 axb4+ 43. axb4 Kc7 44. Kb3 Kb6 45. Rc3 Rf1 46. Ka3 Re1 47. Kb3 d4 48. Rc4 Re4 49. Kc2 Kb5 50. Rc5+ Kxb4 51. Rxc6 Re3 52. Kd2 1/2-1/2

[Event "Winnipeg TNT June op"]
[Site "Winnipeg CAN"]
[Date "2005.06.28"]
[Round "4"]
[White "Reimer, Bruce"]
[Black "Cheyne, Andrew"]
[Result "1-0"]
[WhiteElo "1464"]
[BlackElo "1394"]
[PlyCount "61"]
[GameId "2160767910968053"]
[EventDate "2005.06.07"]
[EventType "swiss"]
[EventRounds "4"]
[EventCountry "CAN"]
[SourceTitle "EXT 2007"]
[Source "ChessBase"]
[SourceDate "2006.11.23"]
[SourceVersion "1"]
[SourceVersionDate "2006.11.23"]
[SourceQuality "1"]

1. c4 Nf6 2. g3 c5 3. Bg2 Nc6 4. Nc3 g6 5. e4 Bg7 6. Nge2 d6 7. O-O O-O 8. d3 a6 9. Nd5 Nd7 10. Rb1 e6 11. Ndc3 Nde5 12. h3 Nb4 13. Nf4 Bh6 14. a3 Nbc6 15. Nxe6 fxe6 16. Bxh6 Rf7 17. Be3 Qf8 18. f4 Nd7 19. b4 b6 20. Qd2 Nd4 21. Bxd4 cxd4 22. Ne2 e5 23. f5 Nf6 24. fxg6 hxg6 25. Qg5 Kg7 26. Rf2 Nh7 27. Rxf7+ Qxf7 28. Qd8 Rb8 29. Qxd6 Rb7 30. Qxe5+ Kg8 31. Rf1 1-0

[Event "Winnipeg TNT June op"]
[Site "Winnipeg CAN"]
[Date "2005.06.28"]
[Round "4"]
[White "Schulz, Waldemar"]
[Black "Gibbons, Michael"]
[Result "1-0"]
[WhiteElo "2029"]
[BlackElo "2008"]
[PlyCount "42"]
[GameId "2160767910968054"]
[EventDate "2005.06.07"]
[EventType "swiss"]
[EventRounds "4"]
[EventCountry "CAN"]
[SourceTitle "EXT 2007"]
[Source "ChessBase"]
[SourceDate "2006.11.23"]
[SourceVersion "1"]
[SourceVersionDate "2006.11.23"]
[SourceQuality "1"]

1. d4 e6 2. c4 Nf6 3. g3 c5 4. Nf3 d5 5. Bg2 Nc6 6. cxd5 Nxd5 7. O-O Bd7 8. e4 Nf6 9. Nc3 cxd4 10. Nxd4 Nxd4 11. Qxd4 Bc6 12. Qxd8+ Rxd8 13. Be3 b6 14. Rad1 Rxd1 15. Rxd1 Bb4 16. f3 Nd7 17. Ne2 e5 18. Rc1 Nb8 19. a3 Bd6 20. Nc3 Nd7 21. Nb5 Nc5 1-0

[Event "Winnipeg TNT June op"]
[Site "Winnipeg CAN"]
[Date "2005.06.28"]
[Round "4"]
[White "Van Wyk, Joseph"]
[Black "Oberton, Daniel"]
[Result "1/2-1/2"]
[WhiteElo "1927"]
[BlackElo "1574"]
[PlyCount "81"]
[GameId "2160767910968055"]
[EventDate "2005.06.07"]
[EventType "swiss"]
[EventRounds "4"]
[EventCountry "CAN"]
[SourceTitle "EXT 2007"]
[Source "ChessBase"]
[SourceDate "2006.11.23"]
[SourceVersion "1"]
[SourceVersionDate "2006.11.23"]
[SourceQuality "1"]

1. e4 c5 2. c3 d6 3. d4 cxd4 4. cxd4 Nf6 5. Nc3 g6 6. Bc4 Bg7 7. Nf3 Nc6 8. O-O O-O 9. h3 Nxe4 10. Nxe4 d5 11. Bxd5 Qxd5 12. Nc3 Qc4 13. Be3 Rd8 14. Qe2 Qxe2 15. Nxe2 Bf5 16. Rfd1 Be4 17. Ng5 Bd5 18. Nc3 Bc4 19. Nf3 e6 20. Rac1 Rd7 21. b3 Bd5 22. Nxd5 Rxd5 23. Rd2 Rad8 24. Rc4 R5d6 25. a4 a6 26. Kf1 b5 27. axb5 axb5 28. Rc5 b4 29. Bf4 e5 30. dxe5 Rxd2 31. Bxd2 Nxe5 32. Bxb4 Nxf3 33. gxf3 h5 34. Rb5 Rd3 35. Be7 Rxf3 36. Kg2 Rc3 37. b4 Rc2 38. Rc5 Rb2 39. Rc8+ Kh7 40. Bc5 Rc2 41. Rc7 1/2-1/2

[Event "Winnipeg TNT March op"]
[Site "Winnipeg CAN"]
[Date "2005.03.01"]
[Round "1"]
[White "Babb, Jeff"]
[Black "Rutter, Blair"]
[Result "1-0"]
[WhiteElo "2136"]
[BlackElo "1748"]
[PlyCount "41"]
[GameId "2160767910965547"]
[EventDate "2005.03.01"]
[EventType "swiss"]
[EventRounds "4"]
[EventCountry "CAN"]
[SourceTitle "EXT 2006"]
[Source "ChessBase"]
[SourceDate "2005.11.24"]
[SourceVersion "1"]
[SourceVersionDate "2005.11.24"]
[SourceQuality "1"]

1. d4 f5 2. Qd3 d5 3. Bf4 Nf6 4. h3 e6 5. g4 Nc6 6. c3 Bd7 7. Nf3 Be7 8. Ne5 Ne4 9. Bg2 O-O 10. gxf5 exf5 11. Rg1 Be6 12. Nxc6 bxc6 13. Bxe4 fxe4 14. Qg3 Rf7 15. Bxc7 Qd7 16. Be5 Bf6 17. Nd2 Bxe5 18. dxe5 Bxh3 19. O-O-O Raf8 20. Nxe4 Qf5 21. Ng5 1-0

[Event "Winnipeg TNT March op"]
[Site "Winnipeg CAN"]
[Date "2005.03.01"]
[Round "1"]
[White "Fastershank, Anthony"]
[Black "Essery, Richard"]
[Result "0-1"]
[WhiteElo "1203"]
[BlackElo "1723"]
[PlyCount "76"]
[GameId "2160767910965549"]
[EventDate "2005.03.01"]
[EventType "swiss"]
[EventRounds "4"]
[EventCountry "CAN"]
[SourceTitle "EXT 2006"]
[Source "ChessBase"]
[SourceDate "2005.11.24"]
[SourceVersion "1"]
[SourceVersionDate "2005.11.24"]
[SourceQuality "1"]

1. e4 d5 2. f3 e5 3. b3 dxe4 4. fxe4 Qh4+ 5. g3 Qxe4+ 6. Ne2 Qxh1 7. d3 Bh3 8. Nd2 Bb4 9. c3 Bc5 10. Qc2 Qxh2 11. Bb2 Bxf1 12. Nxf1 Qf2+ 13. Kd2 Bb6 14. Rd1 Nc6 15. Kc1 O-O-O 16. Qd2 Nf6 17. Ba3 Ng4 18. Qc2 Ne3 19. Nxe3 Qxe3+ 20. Kb1 Rd7 21. Bc1 Qf3 22. b4 a6 23. a4 Rhd8 24. a5 Ba7 25. Ng1 Qxg3 26. Ne2 Qh3 27. c4 Nxb4 28. Qc3 Rxd3 29. Rxd3 Rxd3 30. Qxb4 Rb3+ 31. Qxb3 Qxb3+ 32. Bb2 Bc5 33. Nc1 Qxc4 34. Bxe5 Qe4+ 35. Ka1 Qxe5+ 36. Kb1 Qh2 37. Na2 Ba3 38. Ka1 Qb2# 0-1

[Event "Winnipeg TNT March op"]
[Site "Winnipeg CAN"]
[Date "2005.03.01"]
[Round "1"]
[White "Herkert, Dean"]
[Black "Podmoroff, Yuri"]
[Result "1/2-1/2"]
[WhiteElo "1772"]
[BlackElo "1333"]
[PlyCount "161"]
[GameId "2160767910965551"]
[EventDate "2005.03.01"]
[EventType "swiss"]
[EventRounds "4"]
[EventCountry "CAN"]
[SourceTitle "EXT 2006"]
[Source "ChessBase"]
[SourceDate "2005.11.24"]
[SourceVersion "1"]
[SourceVersionDate "2005.11.24"]
[SourceQuality "1"]

1. f4 d5 2. e3 Nc6 3. Bb5 Bd7 4. Nf3 a6 5. Bxc6 Bxc6 6. b3 Nf6 7. Bb2 e6 8. O-O Bd6 9. Ne5 Qe7 10. Nxc6 bxc6 11. d3 O-O 12. Nd2 e5 13. Qf3 e4 14. dxe4 dxe4 15. Bxf6 Qxf6 16. Nxe4 Qb2 17. c4 Rad8 18. Qf2 Qxf2+ 19. Kxf2 Rfe8 20. Nxd6 Rxd6 21. Rad1 Rde6 22. Rfe1 R6e7 23. Kf3 h5 24. h4 Kh7 25. e4 Kg6 26. Rd2 a5 27. f5+ Kf6 28. Kf4 g6 29. fxg6 fxg6 30. Rde2 Re5 31. g4 hxg4 32. Kxg4 Kg7 33. Re3 Rf8 34. Rd1 Rf7 35. a3 Kh6 36. Rh1 Rfe7 37. Kf3 Rf7+ 38. Ke2 Rf4 39. Kd3 c5 40. Rhh3 Kh5 41. Re2 Rxh4 42. Rf3 Kg4 43. Rf7 Rh3+ 44. Re3 Reh5 45. Rxc7 Rxe3+ 46. Kxe3 Rh3+ 47. Kf2 Rxb3 48. Rxc5 Rxa3 49. Rc8 a4 50. Rf8 Rb3 51. e5 a3 52. e6 a2 53. Ra8 Rb2+ 54. Ke3 Rb1 55. Rxa2 Rb8 56. e7 Kf5 57. Rf2+ Ke6 58. Rf8 Rb3+ 59. Kd4 Kxe7 60. Rh8 g5 61. c5 g4 62. Kc4 Rb2 63. Rh7+ Kf6 64. c6 g3 65. c7 g2 66. Kc3 g1=Q 67. Kxb2 Qb6+ 68. Kc3 Qc6+ 69. Kd4 Qd6+ 70. Kc4 Qc6+ 71. Kd4 Qd6+ 72. Kc4 Qa6+ 73. Kc5 Qa3+ 74. Kb6 Qb4+ 75. Ka7 Qa5+ 76. Kb7 Qb5+ 77. Ka7 Qc5+ 78. Kb7 Qb4+ 79. Ka7 Qa4+ 80. Kb7 Qe4+ 81. Kb8 1/2-1/2

[Event "Winnipeg TNT March op"]
[Site "Winnipeg CAN"]
[Date "2005.03.01"]
[Round "1"]
[White "Kwiatek, Jordan"]
[Black "Lipnowski, Samuel"]
[Result "0-1"]
[WhiteElo "1740"]
[BlackElo "2124"]
[PlyCount "83"]
[GameId "2160767910965552"]
[EventDate "2005.03.01"]
[EventType "swiss"]
[EventRounds "4"]
[EventCountry "CAN"]
[SourceTitle "EXT 2006"]
[Source "ChessBase"]
[SourceDate "2005.11.24"]
[SourceVersion "1"]
[SourceVersionDate "2005.11.24"]
[SourceQuality "1"]

1. d4 d5 2. Bg5 c6 3. a3 Qb6 4. Ra2 Bf5 5. e3 Nd7 6. Nf3 Ngf6 7. Bd3 Bg6 8. Bxg6 hxg6 9. Nbd2 e6 10. Bf4 Nh5 11. c4 Nxf4 12. exf4 c5 13. cxd5 cxd4 14. O-O Be7 15. Nc4 Qa6 16. dxe6 Qxe6 17. b3 Kf8 18. Re1 Qf6 19. Qxd4 Nc5 20. Rae2 Ne6 21. Qd7 Qxf4 22. Nce5 Qf5 23. Nxf7 Qxf7 24. Rxe6 Bf6 25. Qd6+ Kg8 26. Ne5 Bxe5 27. Qxe5 Rf8 28. f3 Rh5 29. Qe4 Kh7 30. Re7 Qf6 31. Qxb7 Qd4+ 32. Kh1 Rd8 33. Qxa7 Qh4 34. Rxg7+ Kh8 35. Qg1 Kxg7 36. h3 Rhd5 37. b4 Qxe1 38. Qxe1 Rd1 39. Qxd1 Rxd1+ 40. Kh2 Ra1 41. g4 Rxa3 42. Kg3 0-1

[Event "Winnipeg TNT March op"]
[Site "Winnipeg CAN"]
[Date "2005.03.01"]
[Round "1"]
[White "Prince, Colin"]
[Black "Gentes, Kevin"]
[Result "0-1"]
[WhiteElo "1790"]
[BlackElo "2333"]
[PlyCount "87"]
[GameId "2160767910965553"]
[EventDate "2005.03.01"]
[EventType "swiss"]
[EventRounds "4"]
[EventCountry "CAN"]
[SourceTitle "EXT 2006"]
[Source "ChessBase"]
[SourceDate "2005.11.24"]
[SourceVersion "1"]
[SourceVersionDate "2005.11.24"]
[SourceQuality "1"]

1. e4 c5 2. Nf3 e6 3. d4 cxd4 4. Nxd4 Nf6 5. Nc3 d6 6. Be3 a6 7. f3 b5 8. Qd2 Bb7 9. g4 h6 10. h4 Nbd7 11. O-O-O b4 12. Nce2 d5 13. exd5 Nxd5 14. Ng3 Qc7 15. Ne4 Ne5 16. Rg1 O-O-O 17. Kb1 Nxf3 18. Nxf3 Nxe3 19. Qxd8+ Qxd8 20. Rxd8+ Kxd8 21. Ne5 Ke8 22. Bd3 Be7 23. h5 Nd5 24. Rf1 Nf6 25. Nd2 Bd6 26. Ndc4 Bc7 27. Rd1 Ke7 28. Be2 Bd5 29. b3 Ne4 30. Kb2 Rc8 31. Rf1 Bxc4 32. Nxc4 Ng3 33. Re1 Nxe2 34. Rxe2 Rd8 35. Rd2 Be5+ 36. Kb1 Rxd2 37. Nxd2 f5 38. Nf3 Bc3 39. gxf5 exf5 40. Nh4 Kf6 41. Ng6 Kg5 42. Ne7 f4 43. Nd5 f3 44. a3 0-1

[Event "Winnipeg TNT March op"]
[Site "Winnipeg CAN"]
[Date "2005.03.01"]
[Round "1"]
[White "Repa, Jason"]
[Black "Cheyne, Andrew"]
[Result "1-0"]
[WhiteElo "1918"]
[BlackElo "1306"]
[PlyCount "69"]
[GameId "2160767910965554"]
[EventDate "2005.03.01"]
[EventType "swiss"]
[EventRounds "4"]
[EventCountry "CAN"]
[SourceTitle "EXT 2006"]
[Source "ChessBase"]
[SourceDate "2005.11.24"]
[SourceVersion "1"]
[SourceVersionDate "2005.11.24"]
[SourceQuality "1"]

1. b3 e5 2. e3 Nc6 3. Bb2 d5 4. Bb5 Bd6 5. f4 f6 6. fxe5 fxe5 7. Bxc6+ bxc6 8. Bxe5 Qg5 9. Bxd6 Qxg2 10. Qf3 Qxf3 11. Nxf3 cxd6 12. Nc3 Nf6 13. Rg1 O-O 14. Nd4 Bd7 15. O-O-O Ne4 16. Nxe4 dxe4 17. Rg2 c5 18. Rdg1 Rf7 19. Ne2 h6 20. Rg6 Raf8 21. Nf4 Bf5 22. Rxd6 Rf6 23. Rxf6 Rxf6 24. Nh5 Rf7 25. Rf1 g5 26. Ng3 Bg6 27. Rxf7 Kxf7 28. Kb2 Ke6 29. Kc3 Kd5 30. d3 h5 31. dxe4+ Bxe4 32. Nxh5 g4 33. Nf6+ Ke5 34. Nxg4+ Kf5 35. Nf2 1-0

[Event "Winnipeg TNT March op"]
[Site "Winnipeg CAN"]
[Date "2005.03.01"]
[Round "1"]
[White "Rumpel, Chris"]
[Black "Zaczek, Jonathon"]
[Result "0-1"]
[WhiteElo "1426"]
[BlackElo "2024"]
[PlyCount "92"]
[GameId "2160767910965555"]
[EventDate "2005.03.01"]
[EventType "swiss"]
[EventRounds "4"]
[EventCountry "CAN"]
[SourceTitle "EXT 2006"]
[Source "ChessBase"]
[SourceDate "2005.11.24"]
[SourceVersion "1"]
[SourceVersionDate "2005.11.24"]
[SourceQuality "1"]

1. Nf3 Nf6 2. g3 g6 3. Bg2 Bg7 4. O-O O-O 5. d3 d6 6. c4 c5 7. Nc3 Nc6 8. a3 Ne8 9. Qc2 Bg4 10. Rb1 a5 11. Nd5 e6 12. Ne3 Bxf3 13. Bxf3 Nd4 14. Qd1 Nxf3+ 15. exf3 Nc7 16. Qb3 Qb8 17. f4 b5 18. cxb5 Nxb5 19. Nc2 Nd4 20. Nxd4 Bxd4 21. Qc2 Rc8 22. Bd2 Qb7 23. Bc3 Bg7 24. Bxg7 Kxg7 25. Qc3+ Kg8 26. b3 Qa6 27. h4 h5 28. a4 Rab8 29. Qc4 Qxc4 30. dxc4 Rb4 31. Rfd1 Rc6 32. Rd2 Rcb6 33. Rdb2 Kf8 34. Kf1 Ke7 35. Ke2 d5 36. cxd5 exd5 37. Kd3 c4+ 38. Kc3 cxb3 39. Rxb3 Rxb3+ 40. Rxb3 Rxb3+ 41. Kxb3 f5 42. Kc3 Kd7 43. f3 Kc6 44. Kd4 Kd6 45. g4 hxg4 46. fxg4 fxg4 0-1

[Event "Winnipeg TNT March op"]
[Site "Winnipeg CAN"]
[Date "2005.03.01"]
[Round "1"]
[White "Tang, Edward"]
[Black "Reimer, Bruce"]
[Result "1-0"]
[WhiteElo "2044"]
[BlackElo "1465"]
[PlyCount "28"]
[GameId "2160767910965556"]
[EventDate "2005.03.01"]
[EventType "swiss"]
[EventRounds "4"]
[EventCountry "CAN"]
[SourceTitle "EXT 2006"]
[Source "ChessBase"]
[SourceDate "2005.11.24"]
[SourceVersion "1"]
[SourceVersionDate "2005.11.24"]
[SourceQuality "1"]

1. e4 d6 2. d4 Nf6 3. Nc3 g6 4. g3 Bg7 5. Bg2 O-O 6. Nge2 e5 7. h3 b6 8. O-O Bb7 9. Re1 c5 10. dxe5 dxe5 11. Be3 Nc6 12. Nd5 Ne7 13. Nec3 Nfxd5 14. Nxd5 f5 1-0

[Event "Winnipeg TNT March op"]
[Site "Winnipeg CAN"]
[Date "2005.03.08"]
[Round "2"]
[White "Cheyne, Andrew"]
[Black "Prince, Colin"]
[Result "0-1"]
[WhiteElo "1306"]
[BlackElo "1790"]
[PlyCount "48"]
[GameId "2160767910965557"]
[EventDate "2005.03.01"]
[EventType "swiss"]
[EventRounds "4"]
[EventCountry "CAN"]
[SourceTitle "EXT 2006"]
[Source "ChessBase"]
[SourceDate "2005.11.24"]
[SourceVersion "1"]
[SourceVersionDate "2005.11.24"]
[SourceQuality "1"]

1. e4 e5 2. Nf3 Nc6 3. Bb5 a6 4. Ba4 Nf6 5. O-O Be7 6. Nc3 b5 7. Bb3 O-O 8. a3 d6 9. d3 Bg4 10. h3 Bh5 11. Nd5 Nd4 12. Nxf6+ Bxf6 13. g4 Nxb3 14. cxb3 Bg6 15. Be3 d5 16. Bc5 Re8 17. Re1 h5 18. Nd2 Bg5 19. Nf3 hxg4 20. Nxg5 Qxg5 21. Qxg4 Qd8 22. Rad1 Re6 23. Kh2 Rf6 24. Qg5 Rxf2+ 0-1

[Event "Winnipeg TNT March op"]
[Site "Winnipeg CAN"]
[Date "2005.03.08"]
[Round "2"]
[White "Gentes, Kevin"]
[Black "Zaczek, Jonathon"]
[Result "1-0"]
[WhiteElo "2333"]
[BlackElo "2024"]
[PlyCount "55"]
[GameId "2160767910965558"]
[EventDate "2005.03.01"]
[EventType "swiss"]
[EventRounds "4"]
[EventCountry "CAN"]
[SourceTitle "EXT 2006"]
[Source "ChessBase"]
[SourceDate "2005.11.24"]
[SourceVersion "1"]
[SourceVersionDate "2005.11.24"]
[SourceQuality "1"]

1. e4 c5 2. Nf3 d6 3. d4 cxd4 4. Nxd4 Nf6 5. Nc3 a6 6. Bg5 e6 7. f4 Nbd7 8. Qe2 h6 9. Bh4 Be7 10. O-O-O Qc7 11. Bg3 O-O 12. e5 Ne8 13. Nf3 b5 14. f5 Nxe5 15. Nxe5 dxe5 16. Bxe5 Qc6 17. g4 Qxh1 18. Bg2 Qxd1+ 19. Qxd1 Ra7 20. Bc6 exf5 21. Nd5 Bg5+ 22. Kb1 fxg4 23. Qd4 Re7 24. Nxe7+ Bxe7 25. a4 Nf6 26. Qa7 Bd8 27. Bd6 bxa4 28. Qc5 1-0

[Event "Winnipeg TNT March op"]
[Site "Winnipeg CAN"]
[Date "2005.03.08"]
[Round "2"]
[White "Greenberg, Harley"]
[Black "Tang, Edward"]
[Result "0-1"]
[WhiteElo "1747"]
[BlackElo "2044"]
[PlyCount "53"]
[GameId "2160767910965559"]
[EventDate "2005.03.01"]
[EventType "swiss"]
[EventRounds "4"]
[EventCountry "CAN"]
[SourceTitle "EXT 2006"]
[Source "ChessBase"]
[SourceDate "2005.11.24"]
[SourceVersion "1"]
[SourceVersionDate "2005.11.24"]
[SourceQuality "1"]

1. d4 Nf6 2. c4 g6 3. Nf3 Bg7 4. g3 O-O 5. Bg2 d6 6. Nc3 c6 7. O-O Qa5 8. d5 Qa6 9. Nd2 cxd5 10. cxd5 b5 11. Qb3 Bd7 12. Re1 Qb6 13. h3 Na6 14. Nde4 Rac8 15. Be3 Qb7 16. Bd4 Nxe4 17. Bxg7 Nec5 18. Qd1 Kxg7 19. b4 Na4 20. Rc1 Nxc3 21. Rxc3 Rxc3 22. Qd4+ f6 23. Qxc3 Rc8 24. Qe3 Be8 25. a3 Qc7 26. Kh2 Bf7 27. h4 0-1

[Event "Winnipeg TNT March op"]
[Site "Winnipeg CAN"]
[Date "2005.03.08"]
[Round "2"]
[White "Lipnowski, Samuel"]
[Black "Essery, Richard"]
[Result "1/2-1/2"]
[WhiteElo "2124"]
[BlackElo "1723"]
[PlyCount "136"]
[GameId "2160767910965561"]
[EventDate "2005.03.01"]
[EventType "swiss"]
[EventRounds "4"]
[EventCountry "CAN"]
[SourceTitle "EXT 2006"]
[Source "ChessBase"]
[SourceDate "2005.11.24"]
[SourceVersion "1"]
[SourceVersionDate "2005.11.24"]
[SourceQuality "1"]

1. e4 d5 2. exd5 Qxd5 3. Nc3 Qa5 4. d4 Nf6 5. Nf3 Bg4 6. Bc4 e6 7. Bd2 c6 8. h3 Bh5 9. g4 Bg6 10. Nd5 Qd8 11. Nxf6+ Qxf6 12. g5 Qd8 13. c3 Bd6 14. Qe2 Bh5 15. Qe3 Nd7 16. Bb3 Qc7 17. O-O-O O-O-O 18. Rde1 Kb8 19. Kb1 Rhe8 20. c4 c5 21. d5 Bxf3 22. Qxf3 Ne5 23. Qc3 exd5 24. cxd5 c4 25. Bc2 Qc5 26. f4 Nd7 27. Qxg7 Qxd5 28. Rd1 Qg2 29. Qd4 Nb6 30. Bc1 Re2 31. Bf5 Bc7 32. Qf6 Rxd1 33. Rxd1 a6 34. Qxf7 Na4 35. Qg8+ Ka7 36. Qxc4 Nxb2 37. Qd4+ Bb6 38. Qxb2 Rxb2+ 39. Bxb2 Qf3 40. Bc2 Qxf4 41. Bxh7 Qxg5 42. Bc2 Qh5 43. Rd3 Bc7 44. a3 a5 45. Rc3 Kb8 46. Rb3 Qh4 47. Re3 Qf2 48. Rd3 b5 49. Bc1 Qh4 50. Rf3 Bd6 51. Rb3 b4 52. Rd3 bxa3 53. Bb3 Qb4 54. Ka2 Be5 55. Bxa3 Qe1 56. Rd1 Qe2+ 57. Kb1 Qe4+ 58. Bc2 Qb7+ 59. Ka2 Qf7+ 60. Bb3 Qf2+ 61. Kb1 Qf5+ 62. Bc2 Qxh3 63. Rd3 Qf1+ 64. Bc1 Bf4 65. Rd8+ Kc7 66. Rd1 Qb5+ 67. Ka2 Qc4+ 68. Bb3 Qxc1 1/2-1/2

[Event "Winnipeg TNT March op"]
[Site "Winnipeg CAN"]
[Date "2005.03.08"]
[Round "2"]
[White "Proulx, Roy"]
[Black "Gibson, Fred"]
[Result "1-0"]
[WhiteElo "1805"]
[BlackElo "1215"]
[PlyCount "39"]
[GameId "2160767910965562"]
[EventDate "2005.03.01"]
[EventType "swiss"]
[EventRounds "4"]
[EventCountry "CAN"]
[SourceTitle "EXT 2006"]
[Source "ChessBase"]
[SourceDate "2005.11.24"]
[SourceVersion "1"]
[SourceVersionDate "2005.11.24"]
[SourceQuality "1"]

1. e4 c5 2. Nf3 d6 3. d4 cxd4 4. Nxd4 Nf6 5. Nc3 Nc6 6. Be2 g6 7. Be3 Bg7 8. Qd2 h6 9. O-O-O a6 10. f3 Bd7 11. Kb1 Nxd4 12. Bxd4 O-O 13. h4 b5 14. Be3 Kh7 15. g4 Ng8 16. h5 Be6 17. hxg6+ fxg6 18. f4 Bd7 19. f5 g5 20. Bxg5 1-0

[Event "Winnipeg TNT March op"]
[Site "Winnipeg CAN"]
[Date "2005.03.08"]
[Round "2"]
[White "Repa, Jason"]
[Black "Babb, Jeff"]
[Result "1/2-1/2"]
[WhiteElo "1918"]
[BlackElo "2136"]
[PlyCount "103"]
[GameId "2160767910965563"]
[EventDate "2005.03.01"]
[EventType "swiss"]
[EventRounds "4"]
[EventCountry "CAN"]
[SourceTitle "EXT 2006"]
[Source "ChessBase"]
[SourceDate "2005.11.24"]
[SourceVersion "1"]
[SourceVersionDate "2005.11.24"]
[SourceQuality "1"]

1. b3 e5 2. Bb2 Nc6 3. e3 d6 4. Bb5 Bd7 5. Ne2 a6 6. Bxc6 Bxc6 7. O-O Qg5 8. f3 f5 9. Nbc3 Nf6 10. Qe1 O-O-O 11. Qg3 Qh6 12. f4 Kb8 13. Qg5 Qxg5 14. fxg5 Ne4 15. Nxe4 fxe4 16. Ng3 g6 17. Nh1 Be7 18. h4 h6 19. Rf7 Rde8 20. c4 hxg5 21. hxg5 Bxg5 22. Raf1 Reg8 23. c5 Be8 24. R7f2 Bb5 25. Rc1 Rf8 26. Rxf8+ Rxf8 27. cxd6 cxd6 28. Ba3 Be7 29. Nf2 Bc6 30. Rc4 Re8 31. Bb2 Ka7 32. Rc1 Bh4 33. Ba3 Rd8 34. Rf1 Bb5 35. Rc1 Bc6 36. Rf1 b5 37. Ng4 Kb6 38. Nh6 Rd7 39. Nf7 Kc7 40. Bb4 Bd5 41. Rc1+ Bc6 42. Ba5+ Kb7 43. Rf1 Bd5 44. Nh8 Rg7 45. g3 Bxg3 46. Rf6 Bc6 47. Nf7 Bh4 48. Nxd6+ Ka7 49. Nc8+ Kb7 50. Nd6+ Ka7 51. Nc8+ Kb7 52. Nd6+ 1/2-1/2

[Event "Winnipeg TNT March op"]
[Site "Winnipeg CAN"]
[Date "2005.03.08"]
[Round "2"]
[White "Rutter, Blair"]
[Black "Rumpel, Chris"]
[Result "1-0"]
[WhiteElo "1748"]
[BlackElo "1426"]
[PlyCount "69"]
[GameId "2160767910965565"]
[EventDate "2005.03.01"]
[EventType "swiss"]
[EventRounds "4"]
[EventCountry "CAN"]
[SourceTitle "EXT 2006"]
[Source "ChessBase"]
[SourceDate "2005.11.24"]
[SourceVersion "1"]
[SourceVersionDate "2005.11.24"]
[SourceQuality "1"]

1. c4 Nf6 2. g3 g6 3. Bg2 Bg7 4. Nc3 O-O 5. e4 d6 6. h3 e5 7. d3 c6 8. Nge2 Be6 9. O-O Qc8 10. Kh2 d5 11. cxd5 cxd5 12. exd5 Bf5 13. Be3 h5 14. Qd2 Nbd7 15. Rac1 Qd8 16. a3 Nb6 17. Bg5 Qd6 18. Ne4 Qe7 19. d6 Qd8 20. N2c3 Rb8 21. Nb5 a6 22. Nc7 Na4 23. Qb4 Nxb2 24. Qxb2 Bxe4 25. dxe4 Ng4+ 26. hxg4 Qxg5 27. gxh5 Qxh5+ 28. Bh3 Bf6 29. Kg2 g5 30. Nd5 Kg7 31. Bf5 g4 32. Rh1 Qg5 33. Rh7+ Kg8 34. Rch1 Bg7 35. Ne7+ 1-0